| 000 | 00338nam a22001337a 4500 | ||
|---|---|---|---|
| 020 | _qPB. | ||
| 040 | _cFIZZA ISHAQ | ||
| 082 |
_a690 _bMEH |
||
| 100 | _aMEHTA,MADAN. | ||
| 245 |
_aBUILDING CONSTRUCTION PRINCIPLES MATERIALS & SYSTEMS / _cMADAN MEHTA. |
||
| 260 |
_aNEW DELHI ; _bPEARSON, _c2017. |
||
| 300 | _a952 P. ; | ||
| 942 |
_2ddc _cBK |
||
| 999 |
_c589475 _d589475 |
||